000 00282nam a22001337a 4500
008 210427b ||||| |||| 00| 0 eng d
041 _aeng
080 _a32
082 _a32
100 _a19
101 _aSHP
245 _aEuropaische Salons
_cFur E. M. Cioran
942 _2udc
_cBK
999 _c56815
_d56815